00387nam a2200157 a 45000010005000000030009000050080041000140400028000550820015000831000022000982450031001202600032001513000014001834900018001976500014002153586CO-ViMGA141112s2004 ck r 000 u spa d aCO-ViMGAbspacCO-ViMGA04a758.4 B1771 aBartlett, Charles10aDibujar y pintar bodegones aBarcelona : bBlume, c1994 a59 p : il aCurso de arte14aBODEGONES